| 000 | 01139nam1a22002531i 4500 | ||
|---|---|---|---|
| 001 | rc\2838763 | ||
| 005 | 20241101045115.0 | ||
| 035 | _a(NLR Aleph) 006996392 | ||
| 090 |
_a5677583 _c5677583 |
||
| 100 | _a20110629d1931 |||y0rusy50 ca | ||
| 101 | 0 | _arus | |
| 102 | _aRU | ||
| 105 | _ay z ||||| | ||
| 200 | 1 |
_aМатематические науки пролетарским кадрам _eСборник по вопросам элементарной и высшей математики. Т. 1- _fПод ред.: Э. Кольмана, В.И. Хотимского и Г.А. Яновской _gСекция математики. Ком. акад. |
|
| 210 |
_aМосква _aЛенинград _cГос. науч.-техн. изд-во _d1931 _g16-я тип. УОП ОГИЗ |
||
| 215 | _d26 см | ||
| 702 | 1 |
_4340 _7ca _8rus _aКольман _bЭ. Я. _f1892-1979 _gЭрнест Яромирович _9269400 _3RU\NLR\AUTH\770269456 |
|
| 702 | 1 |
_aХотимский _bВ.И. _4340 |
|
| 702 | 1 |
_aЯновская _bГ.А. _4340 |
|
| 801 | 0 |
_aRU _bNLR _gpsbo |
|
| 801 | 1 |
_aRU _bELAR _2rusmarc |
|
| 852 |
_aNLR _j32-19/172 |
||
| 942 | _cBOOK | ||